| 000 | 01046nam a22003137a 4500 | ||
|---|---|---|---|
| 003 | CHAP | ||
| 005 | 20220329133923.0 | ||
| 008 | 971013s1993 r 10010 d | ||
| 010 | _a12707 | ||
| 011 | _a13679 | ||
| 035 | _a17751 | ||
| 040 | _cCHAP | ||
| 082 |
_a639.3096 _bS9 |
||
| 111 | 0 | 0 |
_aSymposium on Biology, Stock Assessment and Exploitation of Small Pelagic Fish Species in the African Great Lakes Region ( _d1992 _c: Bujumbura, Burundi) _9110975 |
| 245 | _aPapers presented | ||
| 260 |
_aRome : _bFAO, _c1993 |
||
| 300 |
_a270 p. _b: ilus. |
||
| 490 |
_aCIFA. Documento ocasional _v; 19 |
||
| 590 |
_aBATCH-UPD _b10 _c20130109 _lUCH01 _h2356 |
||
| 590 |
_aBATCH-UPD _b10 _c20130110 _lUCH01 _h2140 |
||
| 590 |
_aCONVERSION _b10 _c20130109 _lUCH01 _h1308 |
||
| 650 | 1 | 4 |
_aPiscicultura _xAfrica. _988532 |
| 700 | 0 |
_aMarshall, B. E. _eed. _971600 |
|
| 700 | 0 |
_aMubamba, R. _eed. _979241 |
|
| 830 | 0 |
_aCIFA. Documento ocasional _v; 19 _923265 |
|
| 901 | _aBK | ||
| 942 | _cLIBRO | ||
| 949 |
_a639.3096 S9 _bBC _cFAO _d-41657 _eFAO1 _h86304 _i17751 _si |
||
| 999 |
_c12707 _d12707 |
||